Fysika I. Část 2 /

Main Author: Košťál, Rostislav, 1905-1980
Corporate Author: Vysoká škola báňská v Ostravě
Language: Czech
Published: Ostrava : Vysoká škola báňská, 1953
Edition: 2. vyd.
Series: Učební texty vysokých škol / Vysoká škola báňská v Ostravě, fakulta hornická
Physical Description: 169 s.
Book
Saved in:
LEADER 00995nam a2200253 a 4500
001 000607759
003 CZ BrMZK
005 20180904134743.0
007 ta
008 020624s1953 xr f cze d
040 |a BOA001  |b cze  |c BOA001 
080 |a 53(075.8)  |2 MRF 
100 1 |a Košťál, Rostislav,  |d 1905-1980  |7 jk01062084  |4 aut 
245 1 0 |a Fysika I.  |n Část 2 /  |c Rostislav Košťál 
250 |a 2. vyd. 
260 |a Ostrava :  |b Vysoká škola báňská,  |c 1953 
300 |a 169 s. 
490 1 |a Učební texty vysokých škol / Vysoká škola báňská v Ostravě, fakulta hornická 
710 2 |a Vysoká škola báňská v Ostravě  |7 kn20010709158 
810 2 |a Vysoká škola báňská v Ostravě.  |t Učební texty vysokých škol  |0 s 
910 |a BOA001  |b 4-0317.996,2 
990 |a BK 
996 6 |b BC-33549  |c 4-0317.996,2  |l MZK  |r Sklad / do 24 hodin  |n 0  |w 000607759  |u 000010  |a 1  |e BOA001  |j MZK50  |s P 
996 6 |b BC-33556  |c 4-0317.996,2  |l MZK  |r Sklad / do 24 hodin  |n 0  |w 000607759  |u 000020  |a 1  |e BOA001  |j MZK50  |s P